Bezirke des Kantons Zürich auf einer Karte - Statistiken

Allgemein
  • Dieses Quiz wurde 425 mal gespielt
  • Das Durchschnittsergebnis liegt bei 9 aus 12
Antworten auf der Karte
Die Antworten werden auf der Karte rot bzw. grün angezeigt, abhängig davon wie oft sie richtig erraten wurden.
 
Antwortstatistiken
Einwohner Bezirk % Korrekt
420'217 Zürich
98%
171'551 Winterthur
92%
133'323 Uster
81%
126'075 Horgen
78%
60'843 Pfäffikon
77%
105'397 Meilen
76%
154'743 Bülach
71%
92'513 Dietikon
70%
55'262 Affoltern
66%
31'519 Andelfingen
59%
96'519 Hinwil
54%
91'313 Dielsdorf
47%
Keine übereinstimmenden Quizze gefunden
Verteilung der Resultate
Anzahl Personen mit jedem Resultat
Perzentil nach korrekt beantworteten Fragen
Ihre Resultats-Entwicklung
Sie haben dieses Quiz noch nicht gespielt